00447nam a2200169Ia 450000500170000000800410001704000190005804100120007708200150008910000150010424500470011926000640016630000090023065000100023965100180024985000100026720230609121916.0131103s9999 xx 000 0 und d aLoreto College aEnglish a808.2bCLA aClarke,R.F 4aThe growth and nature of dramacR.F Clarke aLondonbThe Syndics Of The Cambridge University Pressc1965 a70p  aDrama aDrama-History aLCLIB